UBT Library

Financial accounting fundamentals / (Record no. 47359)

000 -LEADER
fixed length control field 00596cam a22002415i 4500
001 - CONTROL NUMBER
control field 18370328
005 - DATE AND TIME OF LATEST TRANSACTION
control field 20180828041853.0
008 - FIXED-LENGTH DATA ELEMENTS--GENERAL INFORMATION
fixed length control field 141107s2014 iau 000 0 eng
010 ## - LIBRARY OF CONGRESS CONTROL NUMBER
LC control number 2014956470
020 ## - INTERNATIONAL STANDARD BOOK NUMBER
International Standard Book Number 9780078025754 (alk. paper)
040 ## - CATALOGING SOURCE
Original cataloging agency DLC
Language of cataloging eng
Description conventions rda
Transcribing agency DLC
041 ## - LANGUAGE CODE
Language code of text/sound track or separate title eng
042 ## - AUTHENTICATION CODE
Authentication code pcc
080 ## - UNIVERSAL DECIMAL CLASSIFICATION NUMBER
Universal Decimal Classification number 330.722.6
082 ## - DEWEY DECIMAL CLASSIFICATION NUMBER
Edition number 330.722.6
100 1# - Rafti
Rafti 62
101 ## - Shkurtesa
Shkurtesa KF
245 10 - TITLE STATEMENT
Title Financial accounting fundamentals /
Statement of responsibility, etc John J. Wild.
263 ## - PROJECTED PUBLICATION DATE
Projected publication date 1411
906 ## - LOCAL DATA ELEMENT F, LDF (RLIN)
a 0
b ibc
c orignew
d 2
e epcn
f 20
g y-gencatlg
942 ## - ADDED ENTRY ELEMENTS (KOHA)
Source of classification or shelving scheme
Item type Books
Holdings
Withdrawn status Lost status Source of classification or shelving scheme Damaged status Not for loan Collection code Permanent location Current location Shelving location Date acquired Total Checkouts Full call number Barcode Date last seen Price effective from Koha item type
          Koleksioni i përgjithshem UBT - Lipjan UBT - Lipjan Koleksioni i përgjithshem 08/28/2018   330.722.6 WIL 002-3011954 08/28/2018 08/28/2018 Books
          Koleksioni i përgjithshem UBT - Lipjan UBT - Lipjan Koleksioni i përgjithshem 08/28/2018   330.722.6 WIL 002-3011955 08/28/2018 08/28/2018 Books
UBT Library © 2015-2024. All rights reserved University Education for Business and Technology